000 00458nam a22001697a 4500
003 NUST-PNEC
005 20170116180724.0
008 141031b xxu||||| |||| 00| 0 eng d
040 _cPNEC
082 _a621.03 JAI
100 _9890
_aJain, Er. V. K.
245 _aA dictionary of electronics :
_cEr. V. K. Jain
260 _aNew Delhi :
_bCBS Publishers & distributors
_cc1995
300 _a448 p. :
_c21 cm.
650 _xDictionary
_xEL
942 _2ddc
_cBK
999 _c61551
_d61551